Derecho concursal mexicano /

Contiene: 1) Soluciones jurídicas a la insolvencia; 2) Soluciones jurídicas paraconcursales a la insolvencia; 3) Procedimientos concursales especiales; 4) Efectos de la declaración de concurso mercantil; 5) Concursos mercantiles internacionales; 6) Recursos ordinarios de defensa; 7) El Instituto Fed...

Descrición completa

Gardado en:
Detalles Bibliográficos
Autor Principal: García Sais, Fernando (autor)
Outros autores: Méjan Carrer, Luis Manuel C. (pról.) (pról.)
Formato: Libro
Idioma:Lingua castelá
Publicado: México : Porrúa : 2005, c2005
Temas:
Etiquetas: Engadir etiqueta
Sen Etiquetas, Sexa o primeiro en etiquetar este rexistro!

MARC

LEADER 00000nam^a2200000^a^4500
001 000295640
005 20250521000000.0
009 20260310112245.764
020 |a 970-07-5642-4 
037 |a Acervo ITESO - Biblioteca 
041 |a ESP 
082 |a 346. 720729  |b GAR 
100 |a García Sais, Fernando  |e (autor) 
245 1 0 |a Derecho concursal mexicano /  |c F. García Sais ; pról. de L.M.C. Méjan Carrer. 
264 4 |a México :  |b Porrúa :  |c 2005, c2005 
300 |a XVIII, 179 p. 
336 |a texto  |b txt  |2 rdacontenido 
337 |a sin mediación  |b n  |2 rdamedio 
338 |a volumen  |b nc  |2 rdasoporte 
520 |a Contiene: 1) Soluciones jurídicas a la insolvencia; 2) Soluciones jurídicas paraconcursales a la insolvencia; 3) Procedimientos concursales especiales; 4) Efectos de la declaración de concurso mercantil; 5) Concursos mercantiles internacionales; 6) Recursos ordinarios de defensa; 7) El Instituto Federal de Especialistasde Concursos Mercantiles; 8) Régimen de responsabilidad civil por daños. 
649 |a XX 
650 |a Concursos Mercantiles -  |z México -  |x Tema Principal 
650 |a Concurso (Derecho) -  |z México 
650 |a Responsabilidad (Derecho) -  |z México 
650 |a Derecho Mercantil -  |z México 
650 |a Derecho Civil -  |z México 
650 |a Derecho Privado -  |z México 
650 |a Derecho Internacional Privado 
650 |a México -  |x Condiciones Jurídicas 
700 |a Méjan Carrer, Luis Manuel C.  |e (pról.) 
910 |a Fondo General 
920 |a Impresos - Libros 
930 |a Colección General 
905 |a 101 
901 |a 0500181273  |b IT1  |c ACC  |i C121072  |u 20250521 
902 |a https://opac.biblio.iteso.mx/vufind/Record/000295640